| 000 | 00421nam a2200145Ia 4500 | ||
|---|---|---|---|
| 008 | 220216s9999 xx 000 0 und d | ||
| 100 | _aResulov N S | ||
| 245 | 4 | _aThe Modification of butadiene acrylonitrile rubber with vinylcyclohexyl ketone | |
| 260 |
_bRubber Chemistry and Technology _c2002 |
||
| 300 | _a683-690 | ||
| 650 | _aButadiene acrylonitrile rubber | ||
| 700 | _aSari B | ||
| 700 | _aTalu M | ||
| 942 | _cJS | ||
| 999 |
_c70863 _d70863 |
||